Getting it back: a program for canadian independence
Uloženo v:
| Hlavní autoři: | , |
|---|---|
| Médium: | Kniha |
| Jazyk: | angličtina |
| Vydáno: |
Toronto
Clarke, Irwin
1974
|
| Témata: | |
| Tagy: |
Přidat tag
Žádné tagy, Buďte první, kdo vytvoří štítek k tomuto záznamu!
|
MARC
| LEADER | 00000nam a2200000 a 4500 | ||
|---|---|---|---|
| 001 | UCO8161 | ||
| 003 | CL-VaPUC | ||
| 008 | 001201e19740000CN |||||||||||||||||eng|d | ||
| 082 | 0 | 4 | |a 320.971 |b ROT |2 21 |
| 100 | 0 | |a Rotstein, Abraham |e author |9 452946 | |
| 700 | 0 | |a Lax, Gary |e author |9 452947 | |
| 245 | 1 | 0 | |a Getting it back: a program for canadian independence |
| 300 | |a 324 p | ||
| 942 | |c BK | ||
| 945 | |d 20001201 00:00:00 |a crobeson | ||
| 260 | |a Toronto |b Clarke, Irwin |c 1974 | ||
| 500 | |a Donación del profesor Manfred Wilhelmy von Wolff | ||
| 650 | 0 | |a Política y gobierno |9 255151 | |
| 650 | 0 | |a Condiciones económicas |9 258255 | |
| 650 | 0 | |a Condiciones sociales |9 257278 | |
| 651 | 7 | |a CANADA |2 CL-VaPUC |9 452948 | |
| 583 | |a last modification |c 20001201 00:00:00 |k Rodrigo Vera | ||
| 999 | |c 292889 |d 292887 | ||
| 952 | |0 0 |1 0 |4 0 |6 320_971000000000000_ROT_1974 |7 0 |8 A |9 343967 |a BIBHIS |b BIBHIS |d 2019-11-20 |i 1236016 |o 320.971 ROT 1974 |p 1236016 |r 2025-01-20 |w 2019-11-20 |y BK |k HIS | ||